Construction e-auctions rare despite industry fears (Record no. 75113)
[ view plain ]
| 000 -LEADER | |
|---|---|
| fixed length control field | 00752cab a2200181 4500 |
| 001 - CONTROL NUMBER | |
| control field | L129450 |
| 008 - FIXED-LENGTH DATA ELEMENTS--GENERAL INFORMATION | |
| fixed length control field | 050420n2005 000 0 eng u |
| 035 ## - SYSTEM CONTROL NUMBER | |
| System control number | (Sirsi) u129450 |
| 041 ## - LANGUAGE CODE | |
| Language code of text/sound track or separate title | eng |
| 100 ## - MAIN ENTRY--PERSONAL NAME | |
| Personal name | Lynch, Russ |
| 245 ## - TITLE STATEMENT | |
| Title | Construction e-auctions rare despite industry fears |
| 260 ## - PUBLICATION, DISTRIBUTION, ETC. | |
| Date of publication, distribution, etc. | 2005 |
| 490 ## - SERIES STATEMENT | |
| Series statement | Construction News |
| Volume/sequential designation | (6911) 7 April 2005, 3(1) |
| 520 ## - SUMMARY, ETC. | |
| Summary, etc. | Information from the Office of Government Commerce reveals that only a single e-auction has been carried out for construction goods since the policy was adopted in October 2002. The construction industry has lobbied hard against e-auctioning arguing it is not the best route to obtaining best value. |
| 590 ## - LOCAL NOTE (RLIN) | |
| Local note | IKA290405 |
| 690 ## - LOCAL SUBJECT ADDED ENTRY--TOPICAL TERM (OCLC, RLIN) | |
| Topical term or geographic name as entry element | Procurement |
| 9 (RLIN) | 6260 |
| 942 ## - ADDED ENTRY ELEMENTS (KOHA) | |
| Suppress in OPAC | 0 |
| Withdrawn status | Lost status | Source of classification or shelving scheme | Damaged status | Not for loan | Home library | Current library | Shelving location | Date acquired | Total Checkouts | Full call number | Barcode | Date last seen | Copy number | Price effective from | Koha item type |
|---|---|---|---|---|---|---|---|---|---|---|---|---|---|---|---|
| Dewey Decimal Classification | London | London | Journal article | 20/04/2005 | 129450 | 129450-1001 | 06/08/2019 | 1 | 06/08/2019 | Journal article |